000 01118cam a2200349Ia 4500
001 77539
005 20230404125949.0
008 090423s2007 bl ab b 001 0 por d
035 _a(OCoLC)ocn422870120
040 _aUBA
_cUBA
_dIUL
020 _a9788500021619
020 _a8500021616
035 _a(OCoLC)422870120
043 _asa-----
050 1 4 _a103 F 2546
_bM514l 2004
100 1 _aMeirelles Filho, Joao Carlos,
_d1960-
245 1 2 _aO livro de ouro da Amazonia /
_cJoao Meirelles Filho.
250 _a5a ed. revista e ampliada
260 _aRio de Janeiro :
_bEdiouro,
_c2007.
300 _a442 p. :
_bill. (some col.), maps ;
_c24 cm.
490 1 _aLivros de ouro
500 _aGlossario.
504 _aIncludes bibliographical references (p. [409]-425) and index.
651 0 _aAmazon River Region
_xDescription and travel.
651 0 _aAmazon River Region
_xHistory.
651 7 _aAmazonia (Descricao)
_2larpcal
651 7 _aAmazonia (Condicoes Economicas)
_2larpcal
651 7 _aAmazonia (Historia)
_2larpcal
830 0 _aLivros de ouro.
942 _2lcc
_cbk
994 _aC0
_bDRFGD
999 _c8215
_d8215